Μελέτη σχεδιαστικών προδιαγραφών για την ορθή σχεδίαση προϊόντος που κατασκευάζεται με χύτευση πολυμερών υλικών : διπλωματική εργασία
Η χρήση πολυμερών πλαστικών, ως κύριο συστατικό προϊόντων, τα τελευταία χρόνια είναι ευρεία. Η διπλωματική εργασία έχει σαν στόχο την περιγραφή των βασικότερον μεθόδων μορφοποίησης πολυμερών, οι οποίες χρησιμοποιούν καλούπια, και την αναγνώριση των σημαντικότερων προβλημάτων και περιορισμών για την...
Αποθηκεύτηκε σε:
| Κύριος συγγραφέας: | |
|---|---|
| Συγγραφή απο Οργανισμό/Αρχή: | |
| Άλλοι συγγραφείς: | |
| Μορφή: | Thesis Βιβλίο |
| Γλώσσα: | Greek |
| Δημοσίευση: |
2011
|
| Θέματα: | |
| Διαθέσιμο Online: | http://hdl.handle.net/11610/9126 |
| Ετικέτες: |
Προσθήκη ετικέτας
Δεν υπάρχουν, Καταχωρήστε ετικέτα πρώτοι!
|
MARC
| LEADER | 00000cam a2200000 i 4500 | ||
|---|---|---|---|
| 001 | 1/16878 | ||
| 008 | 111130s2011 gre d | ||
| 035 | |l 10111513 | ||
| 040 | |a GR-MY-UA |b gre |e aacr | ||
| 041 | 0 | |a gre | |
| 082 | 0 | |a 668.412 |2 (22) | |
| 100 | 1 | |a Γαβριήλ, Γαβριήλ. | |
| 245 | 1 | 0 | |a Μελέτη σχεδιαστικών προδιαγραφών για την ορθή σχεδίαση προϊόντος που κατασκευάζεται με χύτευση πολυμερών υλικών : |b διπλωματική εργασία / |c Γαβριήλ Γαβριήλ ; επιβλέπων: Παρασκευάς Παπανίκος |
| 260 | |c 2011 | ||
| 300 | |a 103 φύλλα; |b εικ.; |c 30 εκ. | ||
| 500 | |a Διάθεση πλήρους κειμένου ελεύθερης πρόσβασης | ||
| 502 | |a Πτυχιακή εργασία – Πανεπιστήμιο Αιγαίου, Σύρος, 2011. | ||
| 504 | |a Βιβλιογραφία: σ. 84-85 | ||
| 520 | |a Η χρήση πολυμερών πλαστικών, ως κύριο συστατικό προϊόντων, τα τελευταία χρόνια είναι ευρεία. Η διπλωματική εργασία έχει σαν στόχο την περιγραφή των βασικότερον μεθόδων μορφοποίησης πολυμερών, οι οποίες χρησιμοποιούν καλούπια, και την αναγνώριση των σημαντικότερων προβλημάτων και περιορισμών για την ορθή σχεδίαση και παραγωγή ενός τέτοιου προϊόντος. Στη συνέχεια παρουσιάζεται ο έλεγχος ενός προϊόντος απλής γεωμετρίας ώστε να πληρεί τις προυποθέσεις μορφοποίησης και την δημιουργία και έλεγχο του αντίστοιχου καλουπιού, μέσω των εφαρμογών Plastic Advisor και Pro/Mold του λογισμικού ProEngineer. Παράλληλα, χρησιμοποιώντας το ίδιο προϊόν για τον ίδιο σκοπό γίνεται μία προσομοίωση παραγωγής μέσω του μηχανήματος Vacuum Casting Machine. | ||
| 650 | 0 | 0 | |a Injection molding of plastics. |
| 650 | 0 | 0 | |a Computer-aided engineering. |
| 650 | 0 | 0 | |a Plastics |x Molding. |
| 650 | 0 | 0 | |a Dissertations, Academic |z Greece. |
| 700 | 1 | |4 ths |a Παπανίκος, Παρασκευάς. | |
| 710 | 2 | |a Πανεπιστήμιο Αιγαίου. |b Τμήμα Μηχανικών Σχεδίασης Προϊόντων και Συστημάτων. | |
| 852 | |a INST |b SYROS |c DIATR |e 20111130 |h 668.412 ΓΑΒ |p 005500009879 |q 005500009879 |t DIE |y 23 | ||
| 852 | |a INST |b SYROS |c DIATR |e 20111130 |h 668.412 ΓΑΒ |p 005500009880 |q 005500009880 |t DIE |y 23 | ||
| 856 | |u http://hdl.handle.net/11610/9126 | ||
| 901 | |a BIBL5-2010-2 | ||
| 909 | |a Ε |b 169764 | ||
| 909 | |a Ε |b 169765 | ||
| 924 | |a ΓΑΒΡΙΗΛ |b ΓΑΒΡΙΗΛ |y ΣΥΡΟΣ |z 2011-08 | ||
| 970 | |a ΚΟΝΤΟΥ |b ΠΑΡΑΣΚΕΥΗ |z 2011/11/30 | ||